| 000 | 01170nam0a22003011 4500 | ||
|---|---|---|---|
| 001 | rc\2143857 | ||
| 005 | 20221215105110.0 | ||
| 035 | _a(NLR Aleph) 006632998 | ||
| 090 |
_a7570058 _c7570058 |
||
| 100 | _a20110829d1979 |||y0rusy50 ca | ||
| 101 | 0 | _arus | |
| 102 | _aRU | ||
| 105 | _aa z ||||| | ||
| 200 | 1 |
_aЛазерные тенеграммы треков в водородной стримерной камере _fА.Г. Калимов, В.С. Козлов, М.В. Стабников и др. |
|
| 210 |
_aЛенинград _cЛИЯФ _d1979 |
||
| 215 |
_a8 с. _cил. _d20 |
||
| 225 | 1 |
_aАН СССР, Ленинградский институт ядерной физики имени Б.П. Константинова _v518 |
|
| 320 | _aБиблиогр.: с. 8 | ||
| 701 | 1 |
_aКозлов _bВ. С. _cканд. физ.-мат. наук _gВалерий Степанович _3RU\NLR\AUTH\770142768 |
|
| 701 | 1 |
_aСтабников _bМ. В. |
|
| 701 | 1 |
_aКалимов _bА. Г. |
|
| 801 | 0 |
_aRU _bNLR _gpsbo |
|
| 801 | 1 |
_aRU _bELAR _2rusmarc |
|
| 852 |
_aNLR _j80-4/746 |
||
| 899 |
_aRuMoRGB _jБр 180/107 |
||
| 942 | _cBOOK | ||
| 980 | _aNB | ||